| 000 | 00678nam a2200229 4500 | ||
|---|---|---|---|
| 001 | 000011763 | ||
| 005 | 20250430121825.0 | ||
| 008 | 740529s1974 txua b 001 0 eng | ||
| 010 | _a73090604 | ||
| 020 | _a0256015740 | ||
| 040 |
_aDO-SdBNP _cDLC _dDLC |
||
| 082 |
_a658.3 _bG567p, 1982 |
||
| 100 | 1 |
_aGlueck, William F. _927582 |
|
| 245 | 1 | 0 |
_aPersonnel: a diagnostic approach / _c[by] William F. Glueck. |
| 250 | _a3a ed. | ||
| 260 |
_aDallas, : _bBusiness Publications, _c1974. |
||
| 300 |
_axvi, 712 p. : _billus. ; _c24 cm. |
||
| 504 | _aIncludes bibliographies. | ||
| 650 | 0 |
_aAdministración de personal _91581 |
|
| 910 | _aCatalogación derivada | ||
| 049 | _aBNGR | ||
| 999 |
_c11437 _d11437 |
||